Statistics for Countries with Penguins

Click here to take the quiz!

General Stats

  • This quiz has been taken 33 times
    (24 since last reset)
  • The average score is 8 of 9

Answer Stats

ContinentCountry% Correct
South AmericaChile
100%
AfricaSouth Africa
100%
South AmericaArgentina
95%
OceaniaAustralia
95%
South AmericaEcuador
95%
OceaniaNew Zealand
95%
South AmericaPeru
85%
AfricaNamibia
80%
AfricaAngola
65%

Score Distribution

Percentile by Number Answered

Percent of People with Each Score

Your Score History

You have not taken this quiz since the last reset